| 000 | 00959nam a2200253 a 4500 | ||
|---|---|---|---|
| 001 | 000039829 | ||
| 003 | DO-SdBNP | ||
| 005 | 20220622105150.0 | ||
| 007 | ta | ||
| 008 | 130724s2000 dr r 000 0 spa d | ||
| 040 |
_aDO-SdBNP _bspa _cBNPHU |
||
| 082 |
_a262.91 _bI24e , 2000 |
||
| 110 |
_aIglesia Católica. _bPapa (1978-2005 : Juan Pablo II) _981896 |
||
| 245 | 0 | 0 |
_aExhortación apostólica : _bfamiliaris consortio de Su Santidad Juan Pablo II al Episcopado, al clero y a los fieles de toda la Iglesia sobre la misión de la familia cristiana en el mundo actual / |
| 250 | _a3a ed. | ||
| 260 |
_aSanto Domingo : _bMSC, _c2000. |
||
| 300 |
_a171 p. ; _c22 cm. |
||
| 500 | _aIncluye referencias biográficas y notas al pie de las páginas. | ||
| 590 | _aInventariado, 2022 / DG | ||
| 650 | 4 |
_aCartas pontificias _979445 |
|
| 650 | 4 |
_aIglesia Católica. Papa (1978-2005 : Juan Pablo II) _xCorrespondencia _981897 |
|
| 910 | _aDG | ||
| 942 |
_2ddc _cLBS1 |
||
| 999 |
_c52088 _d52088 |
||